| 000 | 00996cab a2200325 4500 | ||
|---|---|---|---|
| 001 | ABS53265 | ||
| 008 | 090401t1995 xxu||||| |||| 00| 0 eng d | ||
| 035 | _a(Sirsi) u3086 | ||
| 041 | _aeng | ||
| 100 | _aFogel, S. | ||
| 245 | _aPrivity of contract: the end is nigh | ||
| 260 | _c1995 | ||
| 350 | _a0 | ||
| 490 |
_aEstates Gazette _v(9527) 8 July 1995, 143-146(4) |
||
| 520 | _aAn outline of the Landlord and Tenant (Covenants) Bill 1995, which will abolish privity of contract for new leases and affect conditions of assignment. | ||
| 650 | _aABOLITION | ||
| 650 | _aBPF | ||
| 650 | _aBRITISH RETAIL CONSORTIUM | ||
| 650 | _aBUSINESS TENANCIES | ||
| 650 | _aLANDLORD AND TENANT (COVENANTS) BILL | ||
| 650 | _aLANDLORD AND TENANT ACT 1927 S19(1) | ||
| 650 | _aLEASES | ||
| 650 | _aOVERRIDING LEASES | ||
| 650 | _aPRIVITY OF CONTRACT | ||
| 650 | _aVARIATIONS | ||
| 690 | _aPROPERTY-LANDLORD AND TENANT | ||
| 700 | _aSlessenger, E. | ||
| 942 | _n0 | ||
| 948 | _c04/03/1997 | ||
| 999 |
_c1867 _d1867 |
||